[Event "Charlotte Spring IM Invitational 2021"]
[Site "Charlotte"]
[Date "2021.03.19"]
[Round "3.1"]
[White "Chasin, Nico"]
[Black "Matros, Alexander"]
[Result "0-1"]
[WhiteElo "2293"]
[BlackElo "2380"]
[Annotator "ChessBase"]
[PlyCount "60"]
[EventDate "2021.03.17"]
[EventType "tourn"]
[EventCountry "USA"]
[SourceTitle "playchess.com"]
[Source "ChessBase"]
[SourceQuality "1"]
[TimeControl "5400+30"]

1. d4 {[%emt 0:03:01]} d6 {[%emt 0:00:00]} 2. e4 {[%emt 0:01:12]} Nf6 {[%emt 0:00:05]} 3. Nc3 {[%emt 0:00:05]} e5 {[%emt 0:00:08]} 4. Nf3 {[%emt 0:00:12]} Nbd7 {[%emt 0:00:08]} 5. g4 {[%emt 0:00:04]} Nxg4 {[%emt 0:00:32]} 6. Rg1 {[%emt 0:00:50]} Ngf6 {[%emt 0:00:54]} 7. Be3 {[%emt 0:01:48]} c6 {[%emt 0:00:52]} 8. Qd2 {[%emt 0:03:55]} b5 {[%emt 0:00:54]} 9. Bd3 {[%emt 0:01:37]} g6 {[%emt 0:11:20]} 10. a4 {[%emt 0:02:44]} b4 {[%emt 0:12:25]} 11. Ne2 {[%emt 0:00:35]} exd4 {[%emt 0:00:16]} 12. Nexd4 {[%emt 0:02:05]} c5 {[%emt 0:00:27]} 13. Ne2 {[%emt 0:02:49]} Bg7 {[%emt 0:01:26]} 14. Bh6 {[%emt 0:04:10]} Bxh6 {[%emt 0:03:58]} 15. Qxh6 {[%emt 0:00:49]} Qe7 {[%emt 0:00:04]} 16. O-O-O {[%emt 0:18:25]} Bb7 {[%emt 0:01:17]} 17. Nd2 {[%emt 0:07:19]} O-O-O {[%emt 0:06:46]} 18. Nc4 {[%emt 0:01:17]} Nb6 {[%emt 0:01:43]} 19. Na5 {[%emt 0:03:06]} Nxa4 {[%emt 0:14:12]} 20. Qh3+ {[%emt 0:04:21]} Kc7 {[%emt 0:42:33]} 21. Nxb7 {[%emt 0:01:37]} Kxb7 {[%emt 0:00:00]} 22. Qg2 {[%emt 0:00:50]} Qe5 {[%emt 0:00:00]} 23. Kd2 {[%emt 0:02:01]} d5 {[%emt 0:00:00]} 24. exd5 {[%emt 0:01:40]} Qxd5 {[%emt 0:00:00]} 25. Qxd5+ {[%emt 0:01:11]} Rxd5 {[%emt 0:00:00]} 26. Kc1 {[%emt 0:00:12]} Nb6 {[%emt 0:00:00]} 27. Ng3 {[%emt 0:00:48]} Re8 {[%emt 0:00:00]} 28. f4 {[%emt 0:01:02]} Kc7 {[%emt 0:00:00]} 29. f5 {[%emt 0:02:39]} g5 {[%emt 0:00:00]} 30. c3 {[%emt 0:01:19]} Re3 {[%emt 0:00:00]} 0-1

[Event "Charlotte Spring IM Invitational 2021"]
[Site "Charlotte"]
[Date "2021.03.19"]
[Round "3.2"]
[White "Vijay, Keerthi K."]
[Black "Oberoi, Shelev"]
[Result "1/2-1/2"]
[WhiteElo "2260"]
[BlackElo "2199"]
[Annotator "TA"]
[PlyCount "132"]
[EventDate "2021.03.17"]
[EventType "tourn"]
[EventCountry "USA"]
[SourceTitle "playchess.com"]
[Source "ChessBase"]
[SourceQuality "1"]

{[%evp 9,132,-9,-4,-43,-42,-36,-23,-37,-27,-22,16,-52,-27,-23,-28,-63,-25,-21,-23,-28,26,22,20,32,34,22,23,0,0,0,0,0,0,0,67,77,63,36,30,29,41,0,0,0,0,0,0,0,0,-8,-14,-10,22,20,21,0,0,0,0,0,0,-20,-16,-20,0,-17,8,8,17,8,8,9,16,-33,-33,-33,-33,-29,-35,-33,-22,-22,-22,-26,-30,-30,0,0,0,0,0,0,0,0,817,0,0,0,0,0,0,0,0,0,0,-72,-77,-7732,0,0,0,-29963,0,0,0,-29969,0,0,0,0,0,0,0,0,0]} 1. e4 c5 2. Nf3 Nc6 3. Bc4 e6 4. Nc3 a6 5. d3 Nf6 6. Bg5 {B30: Sicilian: 2...Nc6 3 Bb5, lines without ...g6.} h6 7. Bh4 g5 8. Bg3 {Black has an edge.} b5 9. Bb3 {[#]} d5 $146 ({Predecessor:} 9... Nh5 10. Ne5 Nxg3 11. Nxc6 Qb6 12. hxg3 Qxc6 13. Qe2 Rb8 14. O-O-O Bg7 15. e5 Bb7 {0-1 (34) Cosentino,A (1969)-Manaenkov,V (2423) ICCF email 2013}) 10. a3 (10. h4 $11) 10... Bg7 11. O-O O-O 12. h4 d4 13. hxg5 hxg5 14. Ne2 Ng4 (14... Nh5 $142) 15. Qd2 $11 Bf6 16. Nh2 Nxh2 17. Bxh2 Ne5 18. Bxe5 Bxe5 19. f4 gxf4 20. Nxf4 Qh4 21. Rf3 $1 c4 (21... Kg7 $11) 22. dxc4 $14 Bb7 23. Qe1 Qxe1+ 24. Rxe1 Kg7 25. cxb5 (25. Nd3 $5 {[%cal Rd3e5]} Bd6 26. c5 $14) 25... axb5 26. Nh5+ Kg6 27. Nf4+ Kg7 28. Nd3 Bd6 29. Nf2 Rh8 30. Rd1 Bh2+ 31. Kf1 Be5 32. Ke2 Rh2 33. Rg1 Rh4 34. Kd3 Rc8 35. g4 Ba6 36. Kd2 Rh2 37. Ke1 Rch8 38. g5 R8h4 39. g6 fxg6 40. Bxe6 Rf4 41. Rgg3 (41. Bg4 {looks sharper.} Bb7 42. Rxf4 Bxf4 43. Bf3 Bc1 44. Nd3) 41... Rf6 42. Rxf6 $1 Kxf6 43. Rg1 {Threatens to win with Ng4+.} Kxe6 44. Rxg6+ Kf7 ({Don't go for} 44... Bf6 $2 45. Ng4 $18) 45. Rxa6 $11 {[%mdl 4096] Endgame KRB-KRN} Bg3 46. Ra5 Rxf2 {KRB-KR} 47. Kd1 Rf1+ (47... Rf4 {looks sharper.} 48. Rxb5 Rxe4 49. a4 Ke6 50. a5 Re3) 48. Ke2 Rf2+ (48... Re1+ {feels hotter.} 49. Kd3 Bf2 50. Rxb5 Ke6 51. Rb6+ Kd7) 49. Kd3 Be5 50. Rxb5 Rf3+ 51. Kc4 Bg7 {[%mdl 8192] [#]} (51... Ke6 $11) 52. Rb7+ $2 ({White must play} 52. Rf5+ $1 $18 Rxf5 53. exf5) 52... Kg6 53. a4 Rf2 54. Kb3 (54. Kd3 {is more complex.} Rf3+ 55. Ke2 Re3+ 56. Kd2 Rg3 57. Kd1) 54... d3 55. Rxg7+ $1 Kxg7 56. cxd3 {KR-KP} Kf6 57. a5 (57. Kc3 $1 $11) 57... Ke5 {Strongly threatening ...Kd4.} 58. Kc3 {[%mdl 8192] [#]} (58. Kc4 $17) 58... Rh2 $2 ({Black should try} 58... Kd6 $1 $19 {[%cal Rd6c5]} 59. b4 Kc6) 59. b4 Kd6 (59... Ra2 {keeps more tension.} 60. Kc4 Ra3 61. Kc5 Rxd3 62. b5 Rd1) 60. d4 $2 {[%mdl 8192]} (60. Kc4 $11) 60... Re2 $2 (60... Kc6 61. Kc4 Rc2+ 62. Kd3 Rc1 63. a6 Kb5 64. e5 Kxa6 65. Ke4 Kb7 66. Kd5 Kc7 67. b5 Rc2 68. e6 Rb2 69. Kc5 Rb1 70. e7 Rc1+ 71. Kb4 Kd7 72. e8=R Kxe8 73. Kb3 Kd7 74. Kb4 Kd6 75. Ka4 Rb1 76. Ka5 Kc7 77. d5 Rb2 78. b6+ Kd6 79. b7 Kxd5 80. Ka6 Kc6 81. b8=N+ Rxb8 82. Ka5 Kc5 83. Ka4 Rb6 84. Ka3 Kc4 85. Ka2 Kc3 86. Ka1 Kc2 87. Ka2 Ra6#) 61. Kd3 Re1 (61... Rb2 {is interesting.} 62. Kc4 Rc2+ 63. Kb5 Re2 64. e5+ Kd5) 62. b5 $2 {[%mdl 8192]} (62. d5 $11) 62... Rb1 $2 (62... Ra1 {mates} 63. a6 Ra4 64. Kc3 Kc7 65. e5 Kb6 66. d5 Kxb5 67. e6 Rxa6 68. e7 Ra8 69. Kd4 Re8 70. d6 Kc6 71. Ke5 Kd7 72. Kd5 Rh8 73. Ke5 Rh1 74. Kd4 Re1 75. Kd5 Re2 76. e8=R Rxe8 77. Kc5 Re5+ 78. Kc4 Kxd6 79. Kd4 Re1 80. Kc4 Rd1 81. Kb4 Rd4+ 82. Kb3 Kd5 83. Kc3 Kc5 84. Kb3 Rd3+ 85. Kc2 Kc4 86. Kb2 Rd2+ 87. Kc1 Kc3 88. Kb1 Rd1+ 89. Ka2 Re1 90. Ka3 Ra1#) 63. Kc4 {And now e5+ would win.The position is equal.} Rc1+ 64. Kb4 Rb1+ 65. Kc4 {aiming for e5+.} Rc1+ 66. Kb4 Rb1+ {What a bad dream for Black.  Weighted Error Value: White=0.44/Black=0.37} 1/2-1/2

[Event "Charlotte Spring IM Invitational 2021"]
[Site "Charlotte"]
[Date "2021.03.19"]
[Round "3.4"]
[White "Canty, James"]
[Black "Wang, Tianqi"]
[Result "1/2-1/2"]
[WhiteElo "2221"]
[BlackElo "2305"]
[Annotator "TA"]
[PlyCount "43"]
[EventDate "2021.03.17"]
[EventType "tourn"]
[EventCountry "USA"]
[SourceTitle "playchess.com"]
[Source "ChessBase"]
[SourceQuality "1"]

{[%evp 19,43,0,-3,-15,-8,-43,-39,-45,-41,-30,-9,-43,-32,-43,-41,-29,-37,-59,-10,-25,0,-5,0,0,0,0]} 1. e4 c5 2. c3 Nf6 3. e5 Nd5 4. d4 cxd4 5. cxd4 d6 6. Nf3 Nc6 7. Nc3 dxe5 8. dxe5 Nxc3 9. Qxd8+ Nxd8 10. bxc3 Bd7 11. Nd4 {B22: Sicilian: 2 c3.} Rc8 12. Bd2 g6 13. f4 {Black is slightly better.} Bg7 14. Rb1 f6 {[#]} 15. exf6 $146 (15. e6 $5 Nxe6 16. Rxb7 $15) ({Predecessor:} 15. e6 Nxe6 16. Nxe6 Bxe6 17. Rxb7 f5 18. Rxa7 Kf7 19. Bb5 Rhd8 20. a4 Bd5 21. O-O Bxg2 22. Kxg2 Rxd2+ {0-1 (38) Hong,J (2372)-Xu,J (2508) Hefei 2010}) 15... Bxf6 16. h4 h5 17. Bd3 Rg8 18. O-O Rc5 19. g3 Kf7 20. Kh2 {The position is equal.} Bxd4 21. cxd4 Bf5 $1 22. dxc5 {Weighted Error Value: White=0.10/Black=0.08} 1/2-1/2

[Event "Charlotte Spring IM Invitational 2021"]
[Site "Charlotte"]
[Date "2021.03.18"]
[Round "3.5"]
[White "Martin Del Campo C., Roberto"]
[Black "Griffith, Kyron"]
[Result "1/2-1/2"]
[WhiteElo "2295"]
[BlackElo "2372"]
[Annotator "TA"]
[PlyCount "27"]
[EventDate "2021.03.17"]
[EventType "tourn"]
[EventCountry "USA"]
[SourceTitle "playchess.com"]
[Source "ChessBase"]
[SourceQuality "1"]

{[%evp 14,27,36,23,27,15,45,35,41,35,45,36,55,14,42,37]} 1. e4 c6 2. d4 d5 3. Nd2 dxe4 4. Nxe4 Nf6 5. Nxf6+ exf6 6. c3 Bd6 7. Bd3 O-O 8. Qc2 Re8+ {B15: Caro-Kann: 3 Nc3: 3...g6 and 3...dxe4 4 Nxe4 Nf6 5 Nxf6+ exf6.} 9. Ne2 h5 10. O-O h4 11. Bd2 Nd7 12. Rae1 Nf8 13. Nf4 {[#]} Bd7 $146 ({Predecessor:} 13... Ne6 14. Nxe6 Bxe6 15. Bf5 Qd7 16. Bxe6 Rxe6 17. Rxe6 Qxe6 18. b3 Re8 19. Qd3 g6 {½-½ (47) Istratescu,A (2550)-Svane,R (2613) Playchess.com INT 2020}) 14. Rxe8 {Weighted Error Value: White=0.10/Black=0.11} 1/2-1/2

[Event "Charlotte Spring IM Invitational 2021"]
[Site "Charlotte"]
[Date "2021.03.19"]
[Round "4.2"]
[White "Wang, Tianqi"]
[Black "Martin Del Campo C., Roberto"]
[Result "1/2-1/2"]
[WhiteElo "2305"]
[BlackElo "2295"]
[Annotator "NA RC"]
[PlyCount "81"]
[EventDate "2021.03.17"]
[EventType "tourn"]
[EventCountry "USA"]
[SourceTitle "playchess.com"]
[Source "ChessBase"]
[SourceQuality "1"]
[TimeControl "5400+30"]

1. e4 {[%emt 0:00:00]} c5 {[%emt 0:00:00]} 2. Nc3 {[%emt 0:00:00]} e6 {[%emt 0:00:14]} 3. f4 {[%emt 0:00:00]} d5 {[%emt 0:00:21]} 4. Nf3 {[%emt 0:00:00]} Nc6 {[%emt 0:01:58]} 5. Bb5 {[%emt 0:00:10]} Nge7 {[%emt 0:00:34]} 6. Ne5 {[%emt 0:01:08]} Qd6 {[%emt 0:00:56]} 7. d3 {[%emt 0:17:24]} a6 {[%emt 0:04:50]} 8. Bxc6+ {[%emt 0:01:28]} Nxc6 {[%emt 0:00:04]} 9. Nxc6 {[%emt 0:01:49]} Qxc6 {[%emt 0:01:05]} 10. exd5 {[%emt 0:03:32]} exd5 {[%emt 0:00:09]} 11. Qe2+ {[%emt 0:00:17]} Be7 {[%emt 0:01:41]} 12. O-O {[%emt 0:08:51]} d4 {[%emt 0:01:23]} 13. Re1 {[%emt 0:01:50]} O-O {[%emt 0:00:51]} 14. Qxe7 {[%emt 0:01:22]} dxc3 {[%emt 0:00:10]} 15. bxc3 {[%emt 0:00:36]} Be6 {[%emt 0:10:57]} 16. Be3 {[%emt 0:04:15]} b6 {[%emt 0:08:04]} 17. Qg5 {[%emt 0:01:40]} Rad8 {[%emt 0:16:24]} 18. c4 {[%emt 0:02:17]} Bc8 {[%emt 0:00:59]} 19. Re2 {[%emt 0:11:25]} Rd6 {[%emt 0:18:35]} 20. Rae1 {[%emt 0:05:31]} f5 {[%emt 0:10:41]} 21. Bc1 {[%emt 0:04:48]} Rg6 {[%emt 0:00:43]} 22. Qh4 {[%emt 0:06:15]} Bb7 {[%emt 0:00:10]} 23. Qh3 {[%emt 0:00:17]} Qf6 {[%emt 0:04:17]} 24. Qe3 {[%emt 0:02:41]} Qc6 {[%emt 0:00:31]} 25. Qd2 {[%emt 0:01:04]} Qf6 {[%emt 0:01:40]} 26. Rf2 {[%emt 0:01:05]} h5 {[%emt 0:03:53]} 27. Re5 {[%emt 0:01:50]} h4 {[%emt 0:01:55]} 28. h3 {[%emt 0:00:30]} Rg3 {[%emt 0:00:39]} 29. Bb2 {[%emt 0:00:57]} Qc6 {[%emt 0:00:44]} 30. Re7 {[%emt 0:02:30]} Rf7 {[%emt 0:01:19]} 31. Rxf7 {[%emt 0:00:28]} Kxf7 {[%emt 0:00:03]} 32. Kf1 {[%emt 0:00:07]} b5 {[%emt 0:04:01]} 33. cxb5 {[%emt 0:01:03]} axb5 {[%emt 0:00:03]} 34. Qe2 {[%emt 0:01:00]} Kf8 {[%emt 0:02:50]} 35. Be5 {[%emt 0:15:12]} b4 {[%emt 0:01:41]} 36. Rf3 {[%emt 0:01:41]} Rg6 {[%emt 0:00:34]} 37. Rf2 {[%emt 0:00:34]} Qd5 {[%emt 0:00:36]} 38. Qh5 {[%emt 0:01:14]} Rxg2 {[%emt 0:00:25]} 39. Bd6+ {[%emt 0:00:58]} Kg8 {[%emt 0:00:44]} 40. Qe8+ {[%emt 0:00:06]} Kh7 {[%emt 0:00:03]} 41. Qh5+ {[%emt 0:00:47]} 1/2-1/2

[Event "Charlotte Spring IM Invitational 2021"]
[Site "Charlotte"]
[Date "2021.03.19"]
[Round "4.3"]
[White "Adamson, Robby"]
[Black "Canty, James"]
[Result "1-0"]
[WhiteElo "2235"]
[BlackElo "2221"]
[Annotator "ChessBase"]
[PlyCount "231"]
[EventDate "2021.03.17"]
[EventType "tourn"]
[EventCountry "USA"]
[SourceTitle "playchess.com"]
[Source "ChessBase"]
[SourceQuality "1"]
[TimeControl "5400+30"]

1. e4 {[%emt 0:00:00]} c5 {[%emt 0:00:00]} 2. c3 {[%emt 0:00:13]} g6 {[%emt 0:00:00]} 3. d4 {[%emt 0:00:04]} cxd4 {[%emt 0:00:00]} 4. cxd4 {[%emt 0:00:05]} d5 {[%emt 0:00:00]} 5. e5 {[%emt 0:00:25]} Bg7 {[%emt 0:00:00]} 6. Nc3 {[%emt 0:00:13]} Nc6 {[%emt 0:00:02]} 7. Bb5 {[%emt 0:00:34]} f6 {[%emt 0:00:08]} 8. Nf3 {[%emt 0:01:27]} e6 {[%emt 0:20:33]} 9. Bxc6+ {[%emt 0:26:26]} bxc6 {[%emt 0:00:06]} 10. O-O {[%emt 0:00:45]} Ne7 {[%emt 0:13:58]} 11. exf6 {[%emt 0:08:46]} Bxf6 {[%emt 0:00:06]} 12. Bg5 {[%emt 0:02:26]} O-O {[%emt 0:08:46]} 13. Bxf6 {[%emt 0:02:46]} Rxf6 {[%emt 0:00:06]} 14. Na4 {[%emt 0:01:52]} Ba6 {[%emt 0:25:34]} 15. Re1 {[%emt 0:00:35]} Qf8 {[%emt 0:00:25]} 16. Nc5 {[%emt 0:04:55]} Bc8 {[%emt 0:00:11]} 17. Rc1 {[%emt 0:05:37]} Rb8 {[%emt 0:03:16]} 18. b3 {[%emt 0:05:25]} Nf5 {[%emt 0:01:15]} 19. Ne5 {[%emt 0:01:10]} Qd6 {[%emt 0:01:18]} 20. Qd2 {[%emt 0:00:59]} a5 {[%emt 0:13:02]} 21. a3 {[%emt 0:05:06]} Ra8 {[%emt 0:00:38]} 22. Re2 {[%emt 0:02:24]} Ba6 {[%emt 0:04:02]} 23. Ree1 {[%emt 0:02:39]} Bc8 {[%emt 0:00:15]} 24. Rc3 {[%emt 0:01:49]} Ra7 {[%emt 0:00:53]} 25. Nxc6 {[%emt 0:03:40]} Rc7 {[%emt 0:04:26]} 26. Ne5 {[%emt 0:03:57]} Rf8 {[%emt 0:01:51]} 27. Rec1 {[%emt 0:00:49]} Qe7 {[%emt 0:00:21]} 28. g3 {[%emt 0:03:25]} Nd6 {[%emt 0:00:32]} 29. a4 {[%emt 0:01:45]} Bb7 {[%emt 0:01:18]} 30. f3 {[%emt 0:02:41]} Nf7 {[%emt 0:00:42]} 31. Nxf7 {[%emt 0:00:31]} Rxf7 {[%emt 0:00:33]} 32. Re3 {[%emt 0:00:14]} Qf6 {[%emt 0:00:50]} 33. f4 {[%emt 0:03:51]} Bc8 {[%emt 0:00:07]} 34. Re5 {[%emt 0:00:17]} Ra7 {[%emt 0:00:46]} 35. Rce1 {[%emt 0:01:01]} Rfe7 {[%emt 0:00:23]} 36. Qc3 {[%emt 0:00:38]} h6 {[%emt 0:00:29]} 37. Qe3 {[%emt 0:01:26]} Kf7 {[%emt 0:00:37]} 38. h4 {[%emt 0:01:19]} h5 {[%emt 0:00:19]} 39. Rg5 {[%emt 0:00:55]} Bd7 {[%emt 0:00:35]} 40. Qc3 {[%emt 0:00:35]} Be8 {[%emt 0:00:20]} 41. Rge5 {[%emt 0:00:47]} Bd7 {[%emt 0:01:01]} 42. Kh2 {[%emt 0:00:35]} Bc8 {[%emt 0:00:17]} 43. R1e2 {[%emt 0:00:48]} Bd7 {[%emt 0:00:05]} 44. Qd2 {[%emt 0:00:48]} Bc8 {[%emt 0:00:14]} 45. Re1 {[%emt 0:00:51]} Bd7 {[%emt 0:00:09]} 46. Rc1 {[%emt 0:00:24]} Be8 {[%emt 0:00:22]} 47. Rg5 {[%emt 0:00:29]} Rec7 {[%emt 0:01:41]} 48. Rc3 {[%emt 0:00:40]} Kf8 {[%emt 0:00:30]} 49. Qe1 {[%emt 0:00:34]} Bf7 {[%emt 0:00:12]} 50. Re5 {[%emt 0:00:17]} Kg7 {[%emt 0:01:46]} 51. Qe3 {[%emt 0:01:50]} Rc6 {[%emt 0:00:00]} 52. Rc1 {[%emt 0:00:49]} Rb6 {[%emt 0:00:00]} 53. Rc3 {[%emt 0:00:27]} Re7 {[%emt 0:00:24]} 54. Kg2 {[%emt 0:00:19]} Ra7 {[%emt 0:00:32]} 55. Rg5 {[%emt 0:01:30]} Rb4 {[%emt 0:00:17]} 56. Re5 {[%emt 0:00:43]} Rb6 {[%emt 0:00:05]} 57. Qe1 {[%emt 0:00:40]} Rb4 {[%emt 0:00:59]} 58. Rd3 {[%emt 0:01:45]} Rb6 {[%emt 0:01:43]} 59. Rd2 {[%emt 0:00:21]} Bg8 {[%emt 0:00:00]} 60. Rde2 {[%emt 0:00:25]} Bf7 {[%emt 0:00:00]} 61. Qd2 {[%emt 0:00:59]} Rb4 {[%emt 0:00:43]} 62. Qd3 {[%emt 0:00:27]} Rb6 {[%emt 0:00:18]} 63. Rb2 {[%emt 0:00:35]} Rb4 {[%emt 0:00:39]} 64. Rc2 {[%emt 0:01:12]} Rb6 {[%emt 0:00:08]} 65. Rc3 {[%emt 0:00:00]} Rb4 {[%emt 0:00:15]} 66. Qe3 {[%emt 0:00:00]} Rb6 {[%emt 0:00:08]} 67. Rg5 {[%emt 0:00:00]} Rb4 {[%emt 0:00:16]} 68. Rd3 {[%emt 0:00:44]} Rb6 {[%emt 0:00:22]} 69. Qe5 {[%emt 0:00:49]} Rb4 {[%emt 0:01:45]} 70. Kf2 {[%emt 0:00:45]} Rb6 {[%emt 0:00:33]} 71. Ke2 {[%emt 0:00:22]} Rb4 {[%emt 0:00:24]} 72. Kd2 {[%emt 0:00:07]} Rb6 {[%emt 0:00:07]} 73. Kc2 {[%emt 0:00:36]} Rb4 {[%emt 0:00:05]} 74. Kb2 {[%emt 0:00:15]} Rb6 {[%emt 0:00:06]} 75. Ka3 {[%emt 0:00:33]} Rb4 {[%emt 0:00:10]} 76. Qxf6+ {[%emt 0:00:08]} Kxf6 {[%emt 0:00:04]} 77. Re5 {[%emt 0:00:05]} Rb6 {[%emt 0:00:29]} 78. Rde3 {[%emt 0:00:56]} Re7 {[%emt 0:00:42]} 79. Rd3 {[%emt 0:00:36]} Ra7 {[%emt 0:00:05]} 80. Ree3 {[%emt 0:00:52]} Rb4 {[%emt 0:00:22]} 81. Rd2 {[%emt 0:00:21]} Re7 {[%emt 0:01:14]} 82. Kb2 {[%emt 0:00:34]} Ra7 {[%emt 0:00:21]} 83. Kc3 {[%emt 0:00:19]} Rc7 {[%emt 0:00:11]} 84. Kc2 {[%emt 0:00:41]} Ra7 {[%emt 0:00:18]} 85. Rc3 {[%emt 0:01:01]} Ke7 {[%emt 0:02:38]} 86. Kd3 {[%emt 0:00:25]} Kf6 {[%emt 0:00:23]} 87. Ke3 {[%emt 0:00:10]} Ke7 {[%emt 0:00:26]} 88. Nd3 {[%emt 0:00:15]} Rb6 {[%emt 0:00:10]} 89. Ne5 {[%emt 0:00:12]} Be8 {[%emt 0:00:22]} 90. Rdd3 {[%emt 0:01:30]} Rab7 {[%emt 0:00:33]} 91. Kd2 {[%emt 0:00:20]} Rb8 {[%emt 0:01:29]} 92. Kc2 {[%emt 0:00:14]} Kd6 {[%emt 0:00:33]} 93. Rc5 {[%emt 0:00:25]} Ra8 {[%emt 0:00:37]} 94. Rdc3 {[%emt 0:00:29]} Rb4 {[%emt 0:00:23]} 95. Rc8 {[%emt 0:00:58]} Rxc8 {[%emt 0:00:38]} 96. Rxc8 {[%emt 0:00:03]} Bxa4 {[%emt 0:00:23]} 97. bxa4 {[%emt 0:00:18]} Rxa4 {[%emt 0:00:07]} 98. Rc6+ {[%emt 0:00:53]} Ke7 {[%emt 0:00:02]} 99. Rc7+ {[%emt 0:00:05]} Ke8 {[%emt 0:00:07]} 100. Rg7 {[%emt 0:00:32]} Rxd4 {[%emt 0:00:17]} 101. Rg8+ {[%emt 0:00:18]} Ke7 {[%emt 0:00:12]} 102. Nc6+ {[%emt 0:00:11]} Kf7 {[%emt 0:00:06]} 103. Nxd4 {[%emt 0:00:06]} Kxg8 {[%emt 0:00:04]} 104. Nxe6 {[%emt 0:00:10]} Kf7 {[%emt 0:00:03]} 105. Nd4 {[%emt 0:00:17]} Ke7 {[%emt 0:00:09]} 106. Kd3 {[%emt 0:02:19]} Kd6 {[%emt 0:00:31]} 107. Kc3 {[%emt 0:00:00]} Kc5 {[%emt 0:00:24]} 108. Nb3+ {[%emt 0:00:06]} Kd6 {[%emt 0:01:07]} 109. Nxa5 {[%emt 0:00:09]} Ke6 {[%emt 0:00:03]} 110. Kd3 {[%emt 0:00:40]} Kf5 {[%emt 0:00:04]} 111. Ke3 {[%emt 0:00:25]} Kg4 {[%emt 0:00:06]} 112. Kf2 {[%emt 0:00:00]} Kh3 {[%emt 0:00:33]} 113. Nb3 {[%emt 0:00:25]} Kh2 {[%emt 0:05:15]} 114. Nd4 {[%emt 0:00:06]} Kh3 {[%emt 0:00:00]} 115. Kf3 {[%emt 0:00:24]} Kh2 {[%emt 0:00:00]} 116. g4 {[%emt 0:00:33]} 1-0

[Event "Charlotte Spring IM Invitational 2021"]
[Site "Charlotte"]
[Date "2021.03.19"]
[Round "4.4"]
[White "Oberoi, Shelev"]
[Black "Griffith, Kyron"]
[Result "1/2-1/2"]
[WhiteElo "2199"]
[BlackElo "2372"]
[Annotator "NA"]
[PlyCount "130"]
[EventDate "2021.03.17"]
[EventType "tourn"]
[EventCountry "USA"]
[SourceTitle "playchess.com"]
[Source "ChessBase"]
[SourceQuality "1"]
[TimeControl "5400+30"]

1. e4 {[%emt 0:00:00]} c5 {[%emt 0:00:00]} 2. c3 {[%emt 0:00:00]} d5 {[%emt 0:00:00]} 3. exd5 {[%emt 0:00:00]} Qxd5 {[%emt 0:00:04]} 4. Nf3 {[%emt 0:00:00]} Nf6 {[%emt 0:00:05]} 5. d4 {[%emt 0:00:12]} e6 {[%emt 0:00:11]} 6. Na3 {[%emt 0:00:28]} Nc6 {[%emt 0:00:16]} 7. Nb5 {[%emt 0:00:38]} Qd8 {[%emt 0:00:06]} 8. dxc5 {[%emt 0:00:06]} Bxc5 {[%emt 0:00:21]} 9. Qxd8+ {[%emt 0:00:06]} Kxd8 {[%emt 0:00:03]} 10. b4 {[%emt 0:09:49]} Be7 {[%emt 0:01:58]} 11. Bg5 {[%emt 0:06:07]} Bd7 {[%emt 0:10:07]} 12. O-O-O {[%emt 0:08:04]} Rc8 {[%emt 0:32:00]} 13. Kb2 {[%emt 0:01:59]} a6 {[%emt 0:13:45]} 14. Nd6 {[%emt 0:06:08]} Bxd6 {[%emt 0:00:35]} 15. Rxd6 {[%emt 0:00:23]} Ke7 {[%emt 0:00:36]} 16. Rd1 {[%emt 0:01:35]} Rhd8 {[%emt 0:07:55]} 17. Bd3 {[%emt 0:14:36]} h6 {[%emt 0:06:43]} 18. Be3 {[%emt 0:02:22]} Nd5 {[%emt 0:00:03]} 19. Bc5+ {[%emt 0:02:44]} Kf6 {[%emt 0:00:12]} 20. Nd2 {[%emt 0:11:23]} g6 {[%emt 0:02:41]} 21. Nc4 {[%emt 0:09:12]} Be8 {[%emt 0:02:42]} 22. Be4 {[%emt 0:03:45]} Rb8 {[%emt 0:10:01]} 23. Nb6 {[%emt 0:12:24]} Nxb6 {[%emt 0:06:14]} 24. Bxb6 {[%emt 0:00:18]} Rxd1 {[%emt 0:00:03]} 25. Rxd1 {[%emt 0:00:01]} Ke7 {[%emt 0:00:41]} 26. a4 {[%emt 0:02:20]} f5 {[%emt 0:00:32]} 27. Bc2 {[%emt 0:01:24]} Rc8 {[%emt 0:02:19]} 28. Bb3 {[%emt 0:01:00]} g5 {[%emt 0:02:15]} 29. Bc5+ {[%emt 0:00:55]} Kf6 {[%emt 0:00:05]} 30. Rd6 {[%emt 0:00:50]} Bf7 {[%emt 0:00:01]} 31. Rd7 {[%emt 0:00:46]} b5 {[%emt 0:00:17]} 32. a5 {[%emt 0:00:49]} Kg6 {[%emt 0:00:23]} 33. Bb6 {[%emt 0:01:32]} h5 {[%emt 0:00:36]} 34. Rd6 {[%emt 0:01:58]} Kf6 {[%emt 0:00:01]} 35. Bd4+ {[%emt 0:00:23]} Ke7 {[%emt 0:00:59]} 36. Bc5 {[%emt 0:00:15]} Kf6 {[%emt 0:00:02]} 37. Bd5 {[%emt 0:00:52]} Nxa5 {[%emt 0:01:06]} 38. Bd4+ {[%emt 0:00:15]} Ke7 {[%emt 0:00:01]} 39. Rxa6 {[%emt 0:00:12]} Nc4+ {[%emt 0:02:38]} 40. Bxc4 {[%emt 0:00:08]} Rxc4 {[%emt 0:00:14]} 41. Ra7+ {[%emt 0:01:34]} Ke8 {[%emt 0:00:48]} 42. Bc5 {[%emt 0:00:22]} Re4 {[%emt 0:00:26]} 43. Rb7 {[%emt 0:02:32]} e5 {[%emt 0:00:01]} 44. Re7+ {[%emt 0:00:12]} Kf8 {[%emt 0:00:02]} 45. Rxe5+ {[%emt 0:00:10]} Kg7 {[%emt 0:00:02]} 46. Rxf5 {[%emt 0:00:55]} Kg6 {[%emt 0:00:19]} 47. Rf3 {[%emt 0:00:39]} Re2+ {[%emt 0:00:32]} 48. Kc1 {[%emt 0:00:32]} Bd5 {[%emt 0:00:29]} 49. Re3 {[%emt 0:01:00]} Rxe3 {[%emt 0:01:10]} 50. Bxe3 {[%emt 0:00:07]} Bxg2 {[%emt 0:00:03]} 51. c4 {[%emt 0:00:26]} bxc4 {[%emt 0:00:05]} 52. Kc2 {[%emt 0:00:04]} Kf5 {[%emt 0:02:36]} 53. Kc3 {[%emt 0:00:38]} Bd5 {[%emt 0:00:13]} 54. Kd4 {[%emt 0:00:09]} Be6 {[%emt 0:00:09]} 55. b5 {[%emt 0:00:30]} Bc8 {[%emt 0:01:12]} 56. Kxc4 {[%emt 0:00:38]} Bb7 {[%emt 0:00:25]} 57. Kc5 {[%emt 0:00:33]} g4 {[%emt 0:00:08]} 58. Kd6 {[%emt 0:00:59]} Ke4 {[%emt 0:00:26]} 59. Bg5 {[%emt 0:00:48]} Kf3 {[%emt 0:00:07]} 60. Bh4 {[%emt 0:00:31]} Kg2 {[%emt 0:00:01]} 61. Bg3 {[%emt 0:00:30]} Kh3 {[%emt 0:00:01]} 62. b6 {[%emt 0:00:34]} h4 {[%emt 0:00:20]} 63. Bf4 {[%emt 0:00:17]} Kg2 {[%emt 0:00:06]} 64. Bg5 {[%emt 0:00:16]} Kh3 {[%emt 0:00:12]} 65. Ke5 {[%emt 0:00:52]} g3 {[%emt 0:00:38]} 1/2-1/2